Textbook of theoretical botany v. I /
Guardado en:
| Autor Principal: | |
|---|---|
| Otros Autores: | |
| Formato: | Electrónico |
| Idioma: | English |
| Publicado: |
London :
Longmans, Green,
1951-
|
| Materias: | |
| Acceso en línea: | Acceso a texto completo |
| Etiquetas: |
Agregar Etiqueta
Sin Etiquetas, Sea el primero en etiquetar este registro!
|
| LEADER | 00689nmm a22001575a 4500 | ||
|---|---|---|---|
| 001 | EEA.libagro010891 | ||
| 008 | 171004m19519999enk########m########eng#d | ||
| 005 | 20200423140507.0 | ||
| 245 | 1 | 0 | |a Textbook of theoretical botany |h [recurso electrónico] : |b v. I / |c by R. C. McLean and W. R. Ivimey-Cook. |
| 260 | |a London : |b Longmans, Green, |c 1951- | ||
| 500 | |a Título tomado de biodiversitylibrary.org (visto el 4 de octubre de 2017). | ||
| 538 | |a Modo de acceso: World Wide Web. | ||
| 100 | 1 | |a McLean, R. C. |q (Robert Colquhoun), |d 1890- | |
| 700 | 1 | |a Ivimey-Cook, W. R. |q (Walter Robert), |d 1901-1952. | |
| 655 | 7 | |a Libros electrónicos. | |
| 856 | 4 | 0 | |3 Acceso a texto completo |u https://doi.org/10.5962/bhl.title.6302 |
